Pakistan, a dream gone sour / (Record no. 69724)

000 -LEADER
fixed length control field 01617cam a2200337 a 4500
001 - CONTROL NUMBER
control field 4504104
003 - CONTROL NUMBER IDENTIFIER
control field NUST - PNEC
005 - DATE AND TIME OF LATEST TRANSACTION
control field 20170116181125.0
008 - FIXED-LENGTH DATA ELEMENTS--GENERAL INFORMATION
fixed length control field 981210s1997 pk a 000 0 eng
010 ## - LIBRARY OF CONGRESS CONTROL NUMBER
LC control number 97930923
020 ## - INTERNATIONAL STANDARD BOOK NUMBER
International Standard Book Number 019577776X
025 ## - OVERSEAS ACQUISITION NUMBER
Overseas acquisition number P-E-97930923; 07; 08
040 ## - CATALOGING SOURCE
Original cataloging agency DLC
Transcribing agency LIBRARY
Modifying agency DLC
042 ## - AUTHENTICATION CODE
Authentication code lcode
043 ## - GEOGRAPHIC AREA CODE
Geographic area code a-pk---
050 00 - LIBRARY OF CONGRESS CALL NUMBER
Classification number DS384
Item number .K4555 1997
082 00 - DEWEY DECIMAL CLASSIFICATION NUMBER
Classification number 954.9104 ROE
100 1# - MAIN ENTRY--PERSONAL NAME
Personal name Roedad Khan
Dates associated with a name 1923-
9 (RLIN) 13656
245 10 - TITLE STATEMENT
Title Pakistan, a dream gone sour /
Statement of responsibility, etc. Roedad Khan.
260 ## - PUBLICATION, DISTRIBUTION, ETC.
Place of publication, distribution, etc. Karachi :
Name of publisher, distributor, etc. Oxford University Press,
Date of publication, distribution, etc. 1997.
300 ## - PHYSICAL DESCRIPTION
Extent xv, 263 p. :
Other physical details ill. ;
Dimensions 22 cm.
505 8# - FORMATTED CONTENTS NOTE
Formatted contents note Machine generated contents note: 1. Ayub -- 2. Bhutto outcast -- 3. Yahya -- 4. Bhutto - triumph and tragedy -- 5. Ziaul Haq -- 6. Ghulam Ishaq Khan -- 7. Toward confrontation -- 8. Making the rulers accountable -- 9. Farooq Leghari -- 10. Character and credibility -- 11. Where does sovereignty lie? Illusion and reality -- 12. Mandarins -- 13. Political succession and the Islamic challenge -- 14. Supreme Court reborn -- 15. Fifty years of independence -- 16. Reflections -- Epilogue -- Appendices -- Notes -- Index.
650 #0 - SUBJECT ADDED ENTRY--TOPICAL TERM
Topical term or geographic name entry element Presidents
Geographic subdivision Pakistan.
General subdivision General
650 #0 - SUBJECT ADDED ENTRY--TOPICAL TERM
Topical term or geographic name entry element Prime ministers
Geographic subdivision Pakistan.
651 #0 - SUBJECT ADDED ENTRY--GEOGRAPHIC NAME
Geographic name Pakistan
General subdivision History.
856 41 - ELECTRONIC LOCATION AND ACCESS
Materials specified Table of contents only
Uniform Resource Identifier <a href="http://www.loc.gov/catdir/toc/fy02/97930923.html">http://www.loc.gov/catdir/toc/fy02/97930923.html</a>
856 42 - ELECTRONIC LOCATION AND ACCESS
Materials specified Publisher description
Uniform Resource Identifier <a href="http://www.loc.gov/catdir/enhancements/fy0635/97930923-d.html">http://www.loc.gov/catdir/enhancements/fy0635/97930923-d.html</a>
906 ## - LOCAL DATA ELEMENT F, LDF (RLIN)
a 7
b cbc
c origode
d 3
e ncip
f 19
g y-gencatlg
942 ## - ADDED ENTRY ELEMENTS (KOHA)
Source of classification or shelving scheme
Koha item type Book
Holdings
Withdrawn status Lost status Source of classification or shelving scheme Damaged status Not for loan Permanent Location Current Location Shelving location Date acquired Total Checkouts Full call number Barcode Date last seen Price effective from Koha item type
          Pakistan Navy Engineering College (PNEC) Pakistan Navy Engineering College (PNEC)       954.9104 ROE PNECLIB-019901 10/05/2015   Book
© 2023 Central Library, National University of Sciences and Technology. All Rights Reserved.